| 000 | 00750nam a2200229 a 4500 | ||
|---|---|---|---|
| 999 |
_c2340 _d2340 |
||
| 001 | 2340 | ||
| 003 | BD-JhCC | ||
| 005 | 20171101173800.0 | ||
| 008 | 171101s2007 bg |||| |||| 000 0aben d | ||
| 020 | _a9844101349 | ||
| 035 | _a(BD-JhCC)2340 | ||
| 040 |
_aBD-JhCC _dBD-JhCC |
||
| 041 | _aben | ||
| 082 |
_a891.4435 _bELL 2007 |
||
| 100 | _aইলিয়াস, আখতারুজ্জামান | ||
| 245 |
_aরচনাসমগ্র ১ / _cআখতারুজ্জামান ইলিয়াস |
||
| 260 |
_aঢাকা : _bমাওলা ব্রাদার্স, _c২০০৭. |
||
| 300 |
_a৪০৪ পৃ. : _c২২ সেমি. |
||
| 650 | _aCollection of short stories | ||
| 942 |
_2ddc _cBK |
||